003410000a22001450004500060000800000082001800008100001700026100001800043245002600061250000600087260002700093260000900120300000800129650005800137 a100 a334.095 4 MAM aMamoria, C B aSaksena, R D aCo-operation in India a4 aAllahabad, Kitab Mahal c1971 a631 aCo-operation movement- India/ Rural development-India